| 000 | 00772nam a2200241 a 4500 | ||
|---|---|---|---|
| 001 | 41455 | ||
| 003 | BD-RjUL | ||
| 005 | 20211209053406.0 | ||
| 008 | 310516s1993 enk 000 0 eng d | ||
| 020 | _a0853658293 | ||
| 035 | _a(BD-RjUL)41573 | ||
| 040 |
_aBD-RjUL _beng _cBD-RjUL |
||
| 041 | _aeng | ||
| 082 |
_a025.523 _220 _bEII 1993 |
||
| 100 | 1 |
_aEisenschitz, Tamara S. _9127425 |
|
| 245 | 1 | 0 |
_aInformation transfer policy : _bissues of control and access / _cTamara S. Eisenschitz |
| 260 |
_aLondon : _bLibrary Association Publishing, _c1993 [Reprinted 1995] |
||
| 300 |
_aix, 175 p. ; _c23 cm. |
||
| 504 | _aIncludes bibliographical references and index | ||
| 650 | 0 |
_aInformation science _9127426 |
|
| 650 | 0 |
_aFreedom of information _9127427 |
|
| 942 |
_2ddc _cBK |
||
| 999 |
_c41455 _d41455 |
||